| 000 | 00737nam a22002057a 4500 | ||
|---|---|---|---|
| 005 | 20100802114458.0 | ||
| 010 | _aENG-97274 | ||
| 020 |
_a9789380096278 _c775.00 |
||
| 035 | _aEN-80807 | ||
| 037 | _bDBAD/PUB | ||
| 082 | _a332.04150954 | ||
| 245 |
_aCapital market in India / _cedited by V.Sundaram |
||
| 260 |
_aNew Delhi _bAlfa Publications _c2009 |
||
| 270 |
_a4398/5,Ansari road,Darya Ganj, _bNew Delhi _e110002 |
||
| 300 |
_a308p. _c23cm (Hb) |
||
| 500 | _aIncludes index. | ||
| 700 |
_aSundaram.V _93949 |
||
| 942 |
_2ddc _cEN _h332.04150954 _mCAP |
||
| 999 |
_c38556 _d38556 |
||